UBT Library

Contemporary management / (Record no. 951)

000 -LEADER
fixed length control field 00606nam a22002057a 4500
008 - FIXED-LENGTH DATA ELEMENTS--GENERAL INFORMATION
fixed length control field 150601b xxu||||| |||| 00| 0 eng d
020 ## - INTERNATIONAL STANDARD BOOK NUMBER
International Standard Book Number 0072281472
041 0# - LANGUAGE CODE
Language code of text/sound track or separate title eng
080 ## - UNIVERSAL DECIMAL CLASSIFICATION NUMBER
Universal Decimal Classification number 338
100 1# - Rafti
Rafti Jones, Gareth R.
245 10 - TITLE STATEMENT
Title Contemporary management /
Statement of responsibility, etc Gareth R. Jones, Jennifer M. George, Charles W.L. Hill.
246 30 - VARYING FORM OF TITLE
Title proper/short title Management
250 ## -
-- International ed.
260 ## -
-- Boston :
-- Irwin/McGraw-Hill,
-- 2000.
300 ## -
-- 778 f. :
-- me il.;
-- 26 cm.
-- 1 computer disk (5 in.)
650 #0 -
-- Organizimi
700 1# -
-- George, Jennifer M.
700 1# -
-- Hill, Charles W. L.
942 ## - ADDED ENTRY ELEMENTS (KOHA)
Source of classification or shelving scheme
Item type Books
Holdings
Withdrawn status Lost status Source of classification or shelving scheme Damaged status Not for loan Collection code Permanent location Current location Shelving location Date acquired Total Checkouts Full call number Date last seen Price effective from Koha item type
          Koleksioni i përgjithshem UBT - Prishtine UBT - Prishtine Koleksioni i lëndeve mesimore 06/01/2015   338 HILL 06/01/2015 06/01/2015 Books
UBT Library © 2015-2024. All rights reserved University Education for Business and Technology